| 000 | 00725cab a2200217 4500 | ||
|---|---|---|---|
| 001 | E86258 | ||
| 008 | 090401t1997 xxu||||| |||| 00| 0 eng d | ||
| 035 | _a(Sirsi) u80669 | ||
| 041 | _aeng | ||
| 245 | _aCo-Operative Insurance Society Ltd v Halfords Ltd | ||
| 260 | _c1997 | ||
| 350 | _a0 | ||
| 490 |
_aScottish Civil Law Reports _v1997 SCLR 719-825(7) |
||
| 520 | _aCourt of Session. Outer House. 19 March 1997. Landlord and tenant - lease - obligation of tenant to occupy leased subjects - method of enforcement. | ||
| 650 | _aCOMMERCIAL LEASES | ||
| 650 | _aENFORCEMENT NOTICES | ||
| 650 | _aKEEP OPEN CLAUSES | ||
| 690 | _aLANDLORD AND TENANT-CASE LAW-BUSINESS TENANCIES | ||
| 942 | _n0 | ||
| 948 | _c04/09/1997 | ||
| 999 |
_c50785 _d50785 |
||